Tsunamis.

Gardado en:
Detalles Bibliográficos
Outros autores: Bernard, Eddie N. (Editor), Robinson, Allan R. (Editor)
Formato: Unknown
Idioma:inglés
Publicado: Cambridge, MA., USA Harvard University Press 2009
Series:The sea. Ideas and observations on progress in the study of the seas. v. 15
Subjects:
Tags: Engadir etiqueta
Sen Etiquetas, Sexa o primeiro en etiquetar este rexistro!

MARC

LEADER 00000 a2200000 4500
003 CL-VaPUC
005 20240705134330.0
008 210513b ||||| |||| 00| 0 eng d
999 |c 432960  |d 432958 
020 |a 9780674031739 
040 |c Pontificia Universidad Católica de Valparaíso 
082 |a 551.4637 BER 2009 
100 |a Bernard, Eddie N.  |9 860890  |e editor 
245 |a Tsunamis. 
260 |a Cambridge, MA., USA  |b Harvard University Press  |c 2009 
300 |a 450 páginas  
490 |a The sea. Ideas and observations on progress in the study of the seas.  |v  v. 15 
505 |a v.15 Tsunamis 
583 |k Cristina Rojas  |c 20210513 
650 0 |a Tsunamis (Maremotos)  |9 333600 
650 0 |a Maremotos  |9 343097 
700 |a Robinson, Allan R.   |e editor  |9 862357 
942 |2 ddc  |c BK 
952 |0 0  |1 0  |2 ddc  |4 0  |6 551_463700000000000_BER_2009  |7 0  |8 A  |9 578533  |a BIBCUR  |b BIBCUR  |d 2021-07-30  |e 79  |g 146643.13  |h v.15  |i 5587034  |o 551.4637 BER 2009  |p 5587034  |r 2025-04-22  |t 1  |v 146643.13  |w 2021-07-30  |y BK  |k CIM